Culture générale sur L'Irlande - Statistiques

Statistiques générales
  • Ce quiz a été pris 148 fois
  • Le résultat moyen est 8 sur 14
Statistiques - réponses
Hint Réponse % Correct
Sport le plus pratiqué dans le pays. Les sport gaéliques (GAA)
82%
Nom de la langue parlée par certains irlandais. Gaelique
80%
Région située à l'ouest du pays, connue pour ses lacs et ses rivières. Le Connemara
76%
Instrument présent sur les armoiries de l'île. La Harpe
74%
Le plus grand comté de l'île. Comté Cork
70%
Ancêtre du prêtre dans la religion Celte. Druide
57%
Nom de la période durant laquelle 1 millions d'irlandais moururent de fin. La Grande famine
56%
Date de la fête nationale (Saint-Patrick). 17 mars
54%
Nom des falaises les plus célèbres du pays. Falaises de Moher
52%
La troisième plus grande ville. Limerick
49%
Nom du prêtre ayant implanté les bases christianisme en 456 AV J.C. Saint Patrick
46%
Année de fin de la guerre d'indépendance. En 1921
27%
Deuxième groupe de rock le plus populaire du pays. The Cranberries
27%
Nom du complexe d'îles à l'ouest du pays. Les îles d'Aran
19%
Aucun quiz correspondant
Distribution des résultats
% des personnes avec chaque résultat
Percentile par nombre de réponses
Votre historique - résultats
Vous n’avez pas pris ce quiz